| Tag |
First Indicator |
Second Indicator |
Subfields |
| LEADER |
00000cam a2200000 4500 |
| 001 |
in00000016565 |
| 005 |
20151007052813.0 |
| 008 |
770419s1962 caua c 00000 eng d |
| 035 |
|
|
|a (OCoLC)02900841
|
| 035 |
|
|
|9 AAA9255AM
|
| 040 |
|
|
|a DMM
|c DMM
|d m.c.
|d TXA
|d UtOrBLW
|
| 049 |
|
|
|a TXAM
|c [A11050015]
|
| 050 |
|
4 |
|a N6530.C2
|b F53 1962
|
| 245 |
0 |
0 |
|a Fifty California artists.
|
| 264 |
|
1 |
|a [San Francisco] :
|b [Museum of Art],
|c [1962]
|
| 300 |
|
|
|a 110 pages :
|b illustrations
|
| 336 |
|
|
|a text
|b txt
|2 rdacontent
|
| 337 |
|
|
|a unmediated
|b n
|2 rdamedia
|
| 338 |
|
|
|a volume
|b nc
|2 rdacarrier
|
| 500 |
|
|
|a "An exhibition organized by the San Francisco Museum of Art, with the assistance of the Los Angeles County Museum of Art ... "
|
| 500 |
|
|
|a Exhibitions: Whitney Museum of American Art, New York, New York, October 23-December 2, 1962 ; Walker Art Center, Minneapolis, Minnesota, February 17-March 17, 1963 ; Albright-Knox Art Gallery, Buffalo, New York, April 10-May 8, 1963 ; Des Moines Art Center, Des Moines, Iowa, May 24-June 23, l963.
|
| 650 |
|
0 |
|a Art, American
|z California
|y 20th century
|v Exhibitions.
|
| 650 |
|
0 |
|a Artists
|z California.
|
| 710 |
2 |
|
|a San Francisco Museum of Art.
|
| 999 |
|
|
|a MARS
|
| 999 |
f |
f |
|s f556fcda-3550-38f0-a039-63f634db0750
|i a279e8a9-c801-3e82-b6af-25049421cb0b
|t 0
|
| 952 |
f |
f |
|p normal
|a Texas A&M University
|b College Station
|c Sterling C. Evans Library
|d Evans: Library Stacks
|t 0
|e N6530.C2 F53 1962
|h Library of Congress classification
|i unmediated -- volume
|m A14811050015
|
| 998 |
f |
f |
|a N6530.C2 F53 1962
|t 0
|l Evans: Library Stacks
|